<?xml version="1.0" encoding="UTF-8"?><marc:collection xmlns:marc="http://www.loc.gov/MARC21/slim">
  <marc:record>
    <marc:leader>00000nam##2200000za#4500</marc:leader>
    <marc:controlfield tag="001">9.683780</marc:controlfield>
    <marc:controlfield tag="003">CaOODSP</marc:controlfield>
    <marc:controlfield tag="005">20210615133753</marc:controlfield>
    <marc:controlfield tag="007">ta</marc:controlfield>
    <marc:controlfield tag="008">150407|2007||||xxc|||||     f|0| 0 fre|d</marc:controlfield>
    <marc:datafield tag="020" ind1=" " ind2=" ">
      <marc:subfield code="a">978-0-662-09034-2</marc:subfield>
    </marc:datafield>
    <marc:datafield tag="040" ind1=" " ind2=" ">
      <marc:subfield code="a">CaOODSP</marc:subfield>
      <marc:subfield code="b">fre</marc:subfield>
    </marc:datafield>
    <marc:datafield tag="043" ind1=" " ind2=" ">
      <marc:subfield code="a">n-cn---</marc:subfield>
    </marc:datafield>
    <marc:datafield tag="086" ind1="1" ind2=" ">
      <marc:subfield code="a">HR21-64/2007F</marc:subfield>
    </marc:datafield>
    <marc:datafield tag="110" ind1="2" ind2=" ">
      <marc:subfield code="a">Commission canadienne des droits de la personne.</marc:subfield>
    </marc:datafield>
    <marc:datafield tag="245" ind1="1" ind2="0">
      <marc:subfield code="a">Pratiques exemplaires de conception universelle à l'échelle internationale : </marc:subfield>
      <marc:subfield code="b">examen général / </marc:subfield>
      <marc:subfield code="c">préparé par les Entreprises Betty Dion. </marc:subfield>
    </marc:datafield>
    <marc:datafield tag="250" ind1=" " ind2=" ">
      <marc:subfield code="a">Rév. août 2007</marc:subfield>
    </marc:datafield>
    <marc:datafield tag="260" ind1=" " ind2=" ">
      <marc:subfield code="a">Ottawa - Ontario : </marc:subfield>
      <marc:subfield code="b">Commission canadienne des droits de la personne </marc:subfield>
      <marc:subfield code="c">Mars 2006.</marc:subfield>
    </marc:datafield>
    <marc:datafield tag="300" ind1=" " ind2=" ">
      <marc:subfield code="a">iii, 214p. : </marc:subfield>
      <marc:subfield code="b">glossaire, tableaux, photographies ; </marc:subfield>
      <marc:subfield code="c">36 cm.</marc:subfield>
    </marc:datafield>
    <marc:datafield tag="504" ind1=" " ind2=" ">
      <marc:subfield code="a">Bibliographie.</marc:subfield>
    </marc:datafield>
    <marc:datafield tag="520" ind1="3" ind2=" ">
      <marc:subfield code="a">Donne un aperçu des dernières tendances en matière de principes de conception universelle. D’un point de vue très pratique, ce document fournit aux architectes et aux concepteurs des outils et des options pour créer des édifices accessibles à tous. Il rassemble des données sur divers critères d’accessibilité dans les codes du bâtiment et les normes de construction au Canada et à l’étranger. Il donne des précisions sur les besoins en espace pour adapter les lieux aux fauteuils roulants électriques et aux scooters, et sur les exigences liées aux systèmes d’avertissement pour des personnes aveugles ou ayant une déficience visuelle. Il fournit aussi des indications sur la manière de concevoir un édifice mieux adapté à tous grâce aux contrastes de couleurs et aux changements de textures.</marc:subfield>
    </marc:datafield>
    <marc:datafield tag="563" ind1=" " ind2=" ">
      <marc:subfield code="a">Cerlox</marc:subfield>
    </marc:datafield>
    <marc:datafield tag="590" ind1=" " ind2=" ">
      <marc:subfield code="a">09-01</marc:subfield>
      <marc:subfield code="b">2009-01-02</marc:subfield>
    </marc:datafield>
    <marc:datafield tag="691" ind1="0" ind2="7">
      <marc:subfield code="a">Accessibilité (pour personne handicapée)</marc:subfield>
      <marc:subfield code="2">gcpds</marc:subfield>
    </marc:datafield>
    <marc:datafield tag="691" ind1="0" ind2="7">
      <marc:subfield code="a">Conception</marc:subfield>
      <marc:subfield code="2">gcpds</marc:subfield>
    </marc:datafield>
    <marc:datafield tag="691" ind1="0" ind2="7">
      <marc:subfield code="a">Meilleure pratique</marc:subfield>
      <marc:subfield code="2">gcpds</marc:subfield>
    </marc:datafield>
    <marc:datafield tag="776" ind1="0" ind2="#">
      <marc:subfield code="t">Pratiques exemplaires de conception universelle à l'échelle internationale : </marc:subfield>
      <marc:subfield code="w">(CaOODSP)9.636003</marc:subfield>
    </marc:datafield>
    <marc:datafield tag="776" ind1="0" ind2="#">
      <marc:subfield code="t">International best practices in universal design : </marc:subfield>
      <marc:subfield code="w">(CaOODSP)9.668673</marc:subfield>
    </marc:datafield>
    <marc:datafield tag="776" ind1="0" ind2="#">
      <marc:subfield code="t">Pratiques exemplaires de conception universelle à l'échelle internationale : </marc:subfield>
      <marc:subfield code="w">(CaOODSP)9.668674</marc:subfield>
    </marc:datafield>
  </marc:record>
</marc:collection>
